000 00572cam a2200193ua 4500
001 7055
005 20260515114139.0
008 141120n ii |||gr||||Z||||||eng
040 _cMAIN
041 _aeng
082 _a328
100 _aBhuyan, Suryya Kumar.,
_eAuthor.
245 _aTwo years in parliament (1954-1954) :
_bSpeeches and questions in the council of states duting 1952-54 /
_c By Suryya Kumar Bhuyan .
250 _a1st.
260 _aGuwahati:
_bPublication board of Assam,
_c2010.
300 _a97p.
653 _aThe legislative process
942 _cBK
999 _c6180
_d6180